[Event "Wloclawek-ch"]
[Site "Wloclawek"]
[Date "2019.??.??"]
[Round "7"]
[White "Kulinski, Krzysztof"]
[Black "Niewiadomski, Andrzej"]
[Result "1-0"]
[WhiteElo "1977"]
[BlackElo "1800"]
[PlyCount "145"]
[EventDate "2019.09.??"]
[EventType "swiss"]
[EventRounds "9"]
[EventCountry "POL"]
[SourceTitle "EXT 2021"]
[Source "ChessBase"]
[SourceDate "2020.10.23"]
[SourceVersion "1"]
[SourceVersionDate "2020.10.23"]
[SourceQuality "1"]

1. Nf3 c5 2. e3 Nf6 3. d4 e6 4. c4 d5 5. Nc3 Nc6 6. a3 a6 7. h3 dxc4 8. Bxc4 b5 9. Ba2 cxd4 10. exd4 Be7 11. 0-0 0-0 12. Be3 Bb7 13. Rc1 Rc8 14. Ng5 Na5 15. a4 b4 16. Nxe6 fxe6 17. Bxe6+ Kh8 18. Bxc8 Bxc8 19. Ne2 Be6 20. Nf4 Bb3 21. Qd3 g5 22. Ne2 Nd5 23. Qxa6 Qb6 24. Qb5 Qxb5 25. axb5 Nc4 26. Ng3 Rb8 27. Nf5 Bf6 28. Rfe1 h5 29. Ra1 Bc2 30. g4 Bxf5 31. gxf5 Nxb2 32. Bd2 Nc4 33. Bc1 b3 34. Ra7 Rd8 35. Ra6 b2 36. Bxb2 Nxb2 37. b6 Rb8 38. Re6 Bxd4 39. Rd6 Bxb6 40. Rxd5 Nc4 41. f6 Kg8 42. Rxg5+ Kf7 43. Rxh5 Kxf6 44. Rh4 Ne5 45. Rb4 Nd7 46. Kf1 Kf5 47. Rb5+ Ke6 48. h4 Kf7 49. h5 Kg7 50. Rd5 Rb7 51. Rd6 Bd8 52. Rg6+ Kf7 53. h6 Rb1+ 54. Kg2 Bf6 55. Rg3 Rb8 56. Ra7 Rd8 57. h7 Bg7 58. Rf3+ Kg6 59. Rd3 Kxh7 60. Rdxd7 Rg8 61. Kf3 Kg6 62. Rd6+ Bf6 63. Raa6 Rf8 64. Kg4 Kg7 65. Rd7+ Kg8 66. f4 Bc3 67. Rg6+ Kh8 68. Rd3 Bg7 69. f5 Kg8 70. Rd7 Rf7 71. Rxf7 Kxf7 72. Kg5 Bc3 73. Rd6 1-0

[Event "Wloclawek-ch"]
[Site "Wloclawek"]
[Date "2019.??.??"]
[Round "9"]
[White "Kulinski, Krzysztof"]
[Black "Sliwa, Krzysztof"]
[Result "1-0"]
[WhiteElo "1977"]
[BlackElo "1110"]
[PlyCount "85"]
[EventDate "2019.09.??"]
[EventType "swiss"]
[EventRounds "9"]
[EventCountry "POL"]
[SourceTitle "EXT 2021"]
[Source "ChessBase"]
[SourceDate "2020.10.23"]
[SourceVersion "1"]
[SourceVersionDate "2020.10.23"]
[SourceQuality "1"]

1. Nf3 Nf6 2. d4 g6 3. c4 Bg7 4. Nc3 0-0 5. e4 d6 6. Be2 Nbd7 7. 0-0 c5 8. d5 a6 9. a4 Qc7 10. h3 Rb8 11. Bd2 Re8 12. Bf4 Nb6 13. g4 h6 14. Qd2 g5 15. Bg3 Rd8 16. Ne1 e6 17. a5 Na8 18. f4 Nh7 19. h4 f6 20. Nf3 e5 21. fxe5 dxe5 22. hxg5 Nxg5 23. Nh4 Kh7 24. Nf5 Bxf5 25. gxf5 b6 26. axb6 Qxb6 27. Na4 Qb4 28. Qxb4 Rxb4 29. Nxc5 Rxb2 30. Bh5 Rc8 31. Bg6+ Kh8 32. Rxa6 Nb6 33. Nd3 Rb3 34. Bf2 Nxc4 35. Nc5 Nh3+ 36. Kh2 Rf3 37. Kg2 Nd2 38. Ne6 Nxf1 39. Kxf3 Nd2+ 40. Kg3 Rc3+ 41. Kh4 Nf3+ 42. Kxh3 Ng5+ 43. Kg2 1-0

[Event "Wloclawek-ch"]
[Site "Wloclawek"]
[Date "2019.??.??"]
[Round "8"]
[White "Sztuka, Cezary"]
[Black "Kulinski, Krzysztof"]
[Result "1/2-1/2"]
[WhiteElo "1491"]
[BlackElo "1977"]
[PlyCount "69"]
[EventDate "2019.09.??"]
[EventType "swiss"]
[EventRounds "9"]
[EventCountry "POL"]
[SourceTitle "EXT 2021"]
[Source "ChessBase"]
[SourceDate "2020.10.23"]
[SourceVersion "1"]
[SourceVersionDate "2020.10.23"]
[SourceQuality "1"]

1. e4 e6 2. d4 d5 3. exd5 Qxd5 4. Nf3 Nf6 5. Bd3 Bb4+ 6. Bd2 Bxd2+ 7. Nbxd2 0-0 8. 0-0 b6 9. Re1 Bb7 10. c4 Qd8 11. Ne4 Nbd7 12. Qc2 h6 13. Rad1 Qb8 14. Ne5 Rd8 15. Nxd7 Nxd7 16. Re3 f5 17. Nc3 Nf8 18. d5 f4 19. Re5 exd5 20. cxd5 c6 21. Rh5 cxd5 22. Nxd5 Kh8 23. Nc7 Rc8 24. Rxh6+ gxh6 25. Qc3+ Kg8 26. Bc4+ Kh7 27. Qd3+ Kh8 28. Qd4+ Kh7 29. Bd3+ Kg8 30. Bc4+ Kh7 31. Bd3+ Kg8 32. Bc4+ Kh7 33. Bd3+ Kg8 34. Bc4+ Kh7 35. Bd3+ 1/2-1/2

[Event "POL-chT 2nd League"]
[Site "Szklarska Poreba"]
[Date "2017.09.09"]
[Round "8.16"]
[White "Wisniewski, Przemyslaw"]
[Black "Kulinski, Krzysztof"]
[Result "1/2-1/2"]
[WhiteElo "2010"]
[BlackElo "2078"]
[PlyCount "80"]
[EventDate "2017.09.02"]
[EventType "team-swiss"]
[EventRounds "9"]
[EventCountry "POL"]
[SourceTitle "CBM 180 Extra"]
[Source "ChessBase"]
[SourceDate "2017.10.06"]
[SourceVersion "1"]
[SourceVersionDate "2017.10.06"]
[SourceQuality "1"]
[WhiteTeam "Bydgoszcz Wiartrak"]
[BlackTeam "Wloclawek 1938"]
[WhiteTeamCountry "POL"]
[BlackTeamCountry "POL"]

1. Nf3 c5 2. b3 d5 3. Bb2 Nf6 4. e3 e6 5. Ne5 Be7 6. Bd3 Nbd7 7. f4 0-0 8. Qf3 Nxe5 9. fxe5 Ne8 10. Qh3 g6 11. 0-0 f5 12. Nc3 Qb6 13. Nd1 c4 14. bxc4 dxc4 15. Bxc4 Qb4 16. d3 b5 17. Bb3 Bd7 18. Bc3 Qa3 19. Bb2 Qb4 20. Bc3 Qa3 21. Rf4 a5 22. Bb2 Qc5 23. a4 Bg5 24. Rd4 Qa7 25. axb5 Ng7 26. Qg3 Be7 27. c4 Nh5 28. Qe1 f4 29. Re4 Bc8 30. d4 Qb7 31. d5 a4 32. Ba2 Bc5 33. Bd4 Qb6 34. Qc3 Bb7 35. Bxc5 Qxc5 36. Qd4 Qb4 37. Qc3 Qc5 38. Qd4 Qb4 39. Qc3 Qc5 40. Qd4 Qb4 1/2-1/2

[Event "POL-chT 2nd League"]
[Site "Szklarska Poreba"]
[Date "2017.09.05"]
[Round "4.15"]
[White "Migala, Andrzej"]
[Black "Kulinski, Krzysztof"]
[Result "1-0"]
[WhiteElo "2021"]
[BlackElo "2078"]
[PlyCount "81"]
[EventDate "2017.09.02"]
[EventType "team-swiss"]
[EventRounds "9"]
[EventCountry "POL"]
[SourceTitle "CBM 180 Extra"]
[Source "ChessBase"]
[SourceDate "2017.10.06"]
[SourceVersion "1"]
[SourceVersionDate "2017.10.06"]
[SourceQuality "1"]
[WhiteTeam "Ostroda Ostrodzianka"]
[BlackTeam "Wloclawek 1938"]
[WhiteTeamCountry "POL"]
[BlackTeamCountry "POL"]

1. e4 c5 2. Nc3 Nc6 3. Bb5 e6 4. Bxc6 bxc6 5. d3 d5 6. f4 Nf6 7. Nf3 dxe4 8. Nxe4 Nxe4 9. dxe4 Qxd1+ 10. Kxd1 Ba6 11. Be3 Be7 12. Ke1 f6 13. Kf2 Kf7 14. Rhd1 Rhd8 15. Rxd8 Rxd8 16. b3 h6 17. c4 g5 18. g3 Bc8 19. Ke2 g4 20. Ne1 h5 21. Nd3 Rh8 22. Kf2 h4 23. Kg2 Rh5 24. Rd1 a5 25. Nf2 f5 26. e5 Rh8 27. Nd3 h3+ 28. Kf2 Rd8 29. Nb2 Rd4 30. Bxd4 cxd4 31. Rxd4 Ba3 32. Na4 Ke8 33. Ke2 Bb7 34. Kd2 Bb4+ 35. Kc1 Be1 36. Nc5 Bf2 37. Nxe6 Ke7 38. Rd2 Be3 39. Nd4 Bc8 40. Nxc6+ Kf7 41. Nxa5 1-0

[Event "Wloclawek-ch"]
[Site "Wloclawek"]
[Date "2017.??.??"]
[Round "9"]
[White "Kulinski, Krzysztof"]
[Black "Muzalewski, Slawomir"]
[Result "1-0"]
[WhiteElo "2078"]
[BlackElo "1421"]
[PlyCount "121"]
[EventDate "2017.10.??"]
[EventType "swiss"]
[EventRounds "9"]
[EventCountry "POL"]
[SourceTitle "EXT 2021"]
[Source "ChessBase"]
[SourceDate "2020.10.23"]
[SourceVersion "1"]
[SourceVersionDate "2020.10.23"]
[SourceQuality "1"]

1. Nf3 b6 2. g3 Bb7 3. Bg2 d6 4. d4 Nd7 5. 0-0 e5 6. c4 f5 7. d5 Be7 8. Nc3 g5 9. e4 g4 10. Ne1 Bg5 11. exf5 Bxc1 12. Rxc1 Qg5 13. Ne4 Qxf5 14. f3 Qg6 15. fxg4 0-0-0 16. b4 Ngf6 17. Nxf6 Nxf6 18. h3 h5 19. Qf3 Rdf8 20. Qf5+ Qxf5 21. gxf5 Rhg8 22. Kh2 Kb8 23. Nf3 Bc8 24. Nh4 Rg5 25. c5 Bd7 26. Rc3 e4 27. Re3 Bb5 28. Rf2 Bc4 29. cxd6 Bxd5 30. dxc7+ Kxc7 31. Rc2+ Kb7 32. Rec3 Rf7 33. Bf1 Re7 34. Bb5 e3 35. Re2 a6 36. Bc4 Bxc4 37. Rxc4 Re5 38. Nf3 Rgxf5 39. Nxe5 Rxe5 40. Kg2 Nd5 41. Kf3 b5 42. Rc5 Kb6 43. a3 a5 44. g4 hxg4+ 45. hxg4 axb4 46. axb4 Rg5 47. Rh2 Re5 48. Rh6+ Ka7 49. Rxd5 Rxd5 50. Kxe3 Kb7 51. Rh5 Kc6 52. Rxd5 Kxd5 53. g5 Ke5 54. g6 Kf6 55. Kd4 Kxg6 56. Kc5 Kf7 57. Kxb5 Ke8 58. Ka6 Kd8 59. b5 Kc7 60. b6+ Kb8 61. b7 1-0

[Event "POL-chT3 Kujawsko Pomorskie 1617"]
[Site "Poland"]
[Date "2017.??.??"]
[Round "4.2"]
[White "Luchowski, Ferdynand"]
[Black "Kulinski, Krzysztof"]
[Result "0-1"]
[WhiteElo "1579"]
[BlackElo "2064"]
[PlyCount "110"]
[EventDate "2016.11.06"]
[EventType "team-tourn"]
[EventRounds "9"]
[EventCountry "POL"]
[SourceTitle "EXT 2018"]
[Source "ChessBase"]
[SourceDate "2017.10.13"]
[SourceVersion "1"]
[SourceVersionDate "2017.10.13"]
[SourceQuality "1"]

1. Nf3 Nf6 2. d4 g6 3. c4 Bg7 4. Nc3 d5 5. e3 0-0 6. Be2 Na6 7. a3 c5 8. 0-0 Bf5 9. Bd3 dxc4 10. Bxc4 Rc8 11. Bd3 Bg4 12. Be2 cxd4 13. exd4 Nd5 14. Nxd5 Qxd5 15. Be3 Rfd8 16. Rc1 Nc7 17. h3 Bf5 18. Bc4 Qd6 19. Qb3 Ne6 20. Rfd1 b6 21. d5 Nc5 22. Qa2 Be4 23. Ne1 Qf6 24. Bd4 e5 25. Bxc5 Rxc5 26. b4 Rc7 27. f3 Bf5 28. g4 Bc8 29. Kg2 Bh6 30. Rc2 Qd6 31. Bb5 Bb7 32. Rxc7 Qxc7 33. Bc4 Rd6 34. Bb3 Qd8 35. b5 Bf4 36. a4 Be3 37. Rd3 Bd4 38. Nc2 Bxd5 39. Bxd5 Rxd5 40. Qc4 Rc5 41. Qb3 Qf6 42. Nxd4 exd4 43. Qd1 Rc4 44. Kg3 g5 45. Kg2 Qf4 46. Rd2 h6 47. Rc2 Rc3 48. Rd2 Rxf3 49. Qxf3 Qxd2+ 50. Kg3 d3 51. Qa8+ Kg7 52. Qd5 Qe1+ 53. Kg2 Qe2+ 54. Kh1 d2 55. Qd4+ Kh7 0-1

[Event "POL-chT3 Kujawsko Pomorskie 1516"]
[Site "Poland"]
[Date "2016.02.28"]
[Round "7"]
[White "Gryniakow, Jaroslaw"]
[Black "Kulinski, Krzysztof"]
[Result "1-0"]
[WhiteElo "2157"]
[BlackElo "2081"]
[PlyCount "81"]
[EventDate "2015.11.08"]
[EventType "team-tourn"]
[EventRounds "9"]
[EventCountry "POL"]
[SourceTitle "EXT 2019"]
[Source "ChessBase"]
[SourceDate "2018.10.10"]
[SourceVersion "1"]
[SourceVersionDate "2018.10.10"]
[SourceQuality "1"]

1. d4 Nf6 2. c4 g6 3. Nc3 d5 4. cxd5 Nxd5 5. e4 Nxc3 6. bxc3 Bg7 7. Nf3 0-0 8. Rb1 c5 9. Be2 cxd4 10. cxd4 Qa5+ 11. Qd2 Qxd2+ 12. Bxd2 Rd8 13. Rc1 Bg4 14. d5 e6 15. h3 Bxf3 16. Bxf3 exd5 17. exd5 Nd7 18. 0-0 Ne5 19. Be4 f5 20. Bc2 b5 21. Bb3 Rac8 22. Bg5 Rxc1 23. Rxc1 Rd7 24. Rc8+ Kf7 25. d6+ Nc4 26. a4 a6 27. axb5 axb5 28. Rb8 Rxd6 29. Rxb5 Rc6 30. Rb4 Be5 31. Rxc4 Rxc4 32. Bxc4+ Kg7 33. Be3 f4 34. Bb6 Bf6 35. Kf1 g5 36. Ke2 h5 37. Kf3 Be5 38. Ke4 Bb8 39. Kf5 Kh6 40. Bd8 h4 41. Bxg5+ 1-0

[Event "Wloclawek-ch"]
[Site "Wloclawek"]
[Date "2016.??.??"]
[Round "2"]
[White "Cichocka, Katarzyna"]
[Black "Kulinski, Krzysztof"]
[Result "0-1"]
[WhiteElo "1585"]
[BlackElo "2058"]
[PlyCount "82"]
[EventDate "2016.09.??"]
[EventType "swiss"]
[EventRounds "9"]
[EventCountry "POL"]
[SourceTitle "EXT 2021"]
[Source "ChessBase"]
[SourceDate "2020.10.23"]
[SourceVersion "1"]
[SourceVersionDate "2020.10.23"]
[SourceQuality "1"]

1. e4 c5 2. Nf3 d6 3. d4 cxd4 4. Nxd4 Nf6 5. Nc3 a6 6. f3 e5 7. Nb3 Qb6 8. Bg5 Be7 9. Qd2 Be6 10. 0-0-0 Nbd7 11. g4 Rc8 12. Be3 Qc7 13. Kb1 Nb6 14. h4 Nc4 15. Bxc4 Bxc4 16. h5 h6 17. g5 hxg5 18. Bxg5 Nxh5 19. Bxe7 Kxe7 20. Qg5+ f6 21. Qg4 Be6 22. Nd5+ Bxd5 23. exd5 Rh6 24. Rc1 Rch8 25. Rce1 Kf8 26. Re3 Nf4 27. Rxh6 Rxh6 28. Rc3 Rh1+ 29. Nc1 Ne2 30. Qc8+ Qxc8 31. Rxc8+ Kf7 32. Rc7+ Kg6 33. b3 Rxc1+ 34. Kb2 Rf1 35. Rd7 Nd4 36. Rxd6 Rf2 37. Rd8 Rxc2+ 38. Kb1 Rc5 39. d6 Rd5 40. Kb2 a5 41. Rd7 b6 0-1

[Event "Wloclawek-ch"]
[Site "Wloclawek"]
[Date "2016.??.??"]
[Round "4"]
[White "Garbowski, Jerzy"]
[Black "Kulinski, Krzysztof"]
[Result "1/2-1/2"]
[WhiteElo "1655"]
[BlackElo "2058"]
[PlyCount "109"]
[EventDate "2016.09.??"]
[EventType "swiss"]
[EventRounds "9"]
[EventCountry "POL"]
[SourceTitle "EXT 2021"]
[Source "ChessBase"]
[SourceDate "2020.10.23"]
[SourceVersion "1"]
[SourceVersionDate "2020.10.23"]
[SourceQuality "1"]

1. e4 c5 2. Nf3 e6 3. Nc3 a6 4. g3 Nc6 5. Bg2 Qc7 6. 0-0 Nf6 7. Re1 d6 8. d4 cxd4 9. Nxd4 Be7 10. Nxc6 bxc6 11. Bf4 e5 12. Be3 Be6 13. h3 Rb8 14. b3 0-0 15. Qe2 Qb7 16. g4 d5 17. g5 Nd7 18. Na4 d4 19. Bd2 c5 20. f4 exf4 21. Bxf4 Rbc8 22. c4 dxc3 23. Nxc3 c4 24. Nd5 Bxd5 25. exd5 Bb4 26. bxc4 Bxe1 27. Rxe1 Qb4 28. Bf1 g6 29. Rc1 Rfe8 30. Qf2 Qc5 31. Qxc5 Nxc5 32. Kf2 Red8 33. Re1 Re8 34. Rxe8+ Rxe8 35. Be3 Ne4+ 36. Kf3 f5 37. gxf6 Nxf6 38. d6 Rf8 39. Bh6 Rf7 40. Kg2 Ne4 41. c5 Rf2+ 42. Kg1 Rxf1+ 43. Kxf1 Nxc5 44. Be3 Nd7 45. Ke2 Kf7 46. Kd3 Ke6 47. Bf4 Nc5+ 48. Kc4 Nb7 49. Kb4 Kd7 50. h4 Kc6 51. Bh2 Kd7 52. Bf4 Kc6 53. Bh2 Kd7 54. Bf4 Kc6 55. Bh2 1/2-1/2

[Event "Wloclawek-ch"]
[Site "Wloclawek"]
[Date "2016.??.??"]
[Round "8"]
[White "Kulinski, Krzysztof"]
[Black "Augustowski, Janusz"]
[Result "1-0"]
[WhiteElo "2058"]
[BlackElo "1743"]
[PlyCount "67"]
[EventDate "2016.09.??"]
[EventType "swiss"]
[EventRounds "9"]
[EventCountry "POL"]
[SourceTitle "EXT 2021"]
[Source "ChessBase"]
[SourceDate "2020.10.23"]
[SourceVersion "1"]
[SourceVersionDate "2020.10.23"]
[SourceQuality "1"]

1. e4 c5 2. Nf3 Nc6 3. d4 cxd4 4. Nxd4 e5 5. Nb5 d6 6. N1c3 a6 7. Na3 b5 8. Nd5 Nf6 9. Bg5 Be7 10. Bxf6 Bxf6 11. c3 Bg5 12. Bd3 0-0 13. h4 Bh6 14. g4 Bf4 15. Qf3 b4 16. Nc4 Be6 17. Ke2 bxc3 18. bxc3 Bxd5 19. exd5 e4 20. Qxf4 exd3+ 21. Kxd3 Ne5+ 22. Nxe5 dxe5 23. Qe4 Qa5 24. c4 Qa3+ 25. Ke2 Rab8 26. Kf1 Qc5 27. Kg2 Rb2 28. Rhf1 Rc8 29. Rac1 f6 30. Qf5 Rxa2 31. Qe6+ Kh8 32. g5 Rf8 33. Qf5 Kg8 34. gxf6 1-0

[Event "Wloclawek CC Classic 13th"]
[Site "Wloclawek"]
[Date "2015.??.??"]
[Round "7"]
[White "Kaczynski, Maciej"]
[Black "Kulinski, Krzysztof"]
[Result "1-0"]
[WhiteElo "1614"]
[BlackElo "2112"]
[PlyCount "95"]
[EventDate "2015.04.??"]
[EventType "swiss"]
[EventRounds "7"]
[EventCountry "POL"]
[SourceTitle "EXT 2021"]
[Source "ChessBase"]
[SourceDate "2020.10.23"]
[SourceVersion "1"]
[SourceVersionDate "2020.10.23"]
[SourceQuality "1"]

1. e4 c5 2. c4 Nc6 3. f4 g6 4. Nf3 Bg7 5. Nc3 e6 6. e5 d6 7. d4 cxd4 8. Nxd4 Nxd4 9. Qxd4 dxe5 10. Qxd8+ Kxd8 11. fxe5 Bxe5 12. Bd2 Ne7 13. 0-0-0 Bd7 14. b4 a6 15. h4 h5 16. Rh3 Nf5 17. Bd3 Bc6 18. Bxf5 gxf5 19. Bf4+ Ke7 20. Bxe5 Rhg8 21. g3 Rg4 22. Rd4 f6 23. Bd6+ Kd7 24. Bc5+ Rxd4 25. Bxd4 e5 26. Bf2 Rg8 27. b5 Bf3 28. Kd2 Ke6 29. bxa6 bxa6 30. Na4 Rc8 31. Kc3 e4 32. Nc5+ Kf7 33. Be3 Rc6 34. Rh2 Kg6 35. Rd2 f4 36. gxf4 Kf5 37. Nb3 Kg4 38. c5 Kxh4 39. Rd6 Rxd6 40. cxd6 Bg4 41. Nd2 Bf5 42. Nxe4 Kg4 43. Nxf6+ Kf3 44. Kd4 h4 45. Ke5 h3 46. Bg1 Kg2 47. Kxf5 Kxg1 48. Ng4 1-0

[Event "Wloclawek CC Classic 12th"]
[Site "Wloclawek"]
[Date "2015.??.??"]
[Round "6"]
[White "Kulinski, Krzysztof"]
[Black "Grochowalski, Pawel"]
[Result "1/2-1/2"]
[WhiteElo "2107"]
[BlackElo "2070"]
[PlyCount "44"]
[EventDate "2015.03.??"]
[EventType "swiss"]
[EventRounds "7"]
[EventCountry "POL"]
[SourceTitle "EXT 2021"]
[Source "ChessBase"]
[SourceDate "2020.10.23"]
[SourceVersion "1"]
[SourceVersionDate "2020.10.23"]
[SourceQuality "1"]

1. Nf3 d5 2. g3 c6 3. Bg2 Nf6 4. 0-0 Bg4 5. d3 Bxf3 6. Bxf3 g6 7. Nd2 Bg7 8. c4 0-0 9. Qb3 Qd7 10. e4 e6 11. e5 Ne8 12. d4 f6 13. Re1 fxe5 14. dxe5 Na6 15. Bg4 b6 16. Qa3 Nec7 17. Qd6 Rad8 18. cxd5 cxd5 19. Qxd7 Rxd7 20. f4 Nb4 21. Re2 Nc2 22. Rb1 Nd4 1/2-1/2

[Event "Wloclawek CC Classic 12th"]
[Site "Wloclawek"]
[Date "2015.??.??"]
[Round "1"]
[White "Stepniak, Stanislaw"]
[Black "Kulinski, Krzysztof"]
[Result "0-1"]
[WhiteElo "1434"]
[BlackElo "2107"]
[PlyCount "64"]
[EventDate "2015.03.??"]
[EventType "swiss"]
[EventRounds "7"]
[EventCountry "POL"]
[SourceTitle "EXT 2021"]
[Source "ChessBase"]
[SourceDate "2020.10.23"]
[SourceVersion "1"]
[SourceVersionDate "2020.10.23"]
[SourceQuality "1"]

1. e4 c5 2. g3 Nc6 3. Bg2 Nf6 4. Nc3 d6 5. d3 e5 6. Bg5 Be7 7. Qd2 Be6 8. Nf3 Nd4 9. h3 Rb8 10. Bxf6 Bxf6 11. Nd5 Nxf3+ 12. Bxf3 Bg5 13. Qe2 0-0 14. Bg2 Qd7 15. h4 Bh6 16. 0-0 Bxd5 17. exd5 f5 18. Bh3 Qf7 19. c4 Kh8 20. Kg2 b5 21. b3 bxc4 22. dxc4 Rbe8 23. f3 Qh5 24. Rae1 f4 25. Bg4 Qg6 26. Qe4 Qf6 27. Rh1 fxg3 28. Kxg3 Qe7 29. Bf5 g6 30. Bg4 Rf4 31. Qc2 Ref8 32. h5 Qg5 0-1

[Event "Wloclawek CC Classic 13th"]
[Site "Wloclawek"]
[Date "2015.??.??"]
[Round "1"]
[White "Stepniak, Stanislaw"]
[Black "Kulinski, Krzysztof"]
[Result "0-1"]
[WhiteElo "1434"]
[BlackElo "2112"]
[PlyCount "64"]
[EventDate "2015.04.??"]
[EventType "swiss"]
[EventRounds "7"]
[EventCountry "POL"]
[SourceTitle "EXT 2021"]
[Source "ChessBase"]
[SourceDate "2020.10.23"]
[SourceVersion "1"]
[SourceVersionDate "2020.10.23"]
[SourceQuality "1"]

1. e4 c5 2. Nf3 Nc6 3. d4 cxd4 4. Nxd4 Nf6 5. Nc3 e5 6. Ndb5 d6 7. f3 a6 8. Na3 b5 9. Nd5 Be7 10. Be3 0-0 11. c3 Be6 12. Nc2 Nd7 13. Nxe7+ Qxe7 14. Qd2 Rfd8 15. Rd1 Nc5 16. b3 d5 17. exd5 Rxd5 18. Qf2 Rxd1+ 19. Kxd1 Rd8+ 20. Kc1 Nd3+ 21. Bxd3 Rxd3 22. Kb2 f5 23. Re1 Qf6 24. f4 e4 25. Nd4 b4 26. Nxe6 bxc3+ 27. Kc1 Qxe6 28. Bc5 Qd5 29. Be3 Nb4 30. a4 Rd2 31. Bxd2 Nd3+ 32. Kc2 Nxf2 0-1

[Event "Wloclawek CC Classic 12th"]
[Site "Wloclawek"]
[Date "2015.??.??"]
[Round "7"]
[White "Sztuka, Cezary"]
[Black "Kulinski, Krzysztof"]
[Result "0-1"]
[WhiteElo "1600"]
[BlackElo "2107"]
[PlyCount "78"]
[EventDate "2015.03.??"]
[EventType "swiss"]
[EventRounds "7"]
[EventCountry "POL"]
[SourceTitle "EXT 2021"]
[Source "ChessBase"]
[SourceDate "2020.10.23"]
[SourceVersion "1"]
[SourceVersionDate "2020.10.23"]
[SourceQuality "1"]

1. e4 c5 2. Nc3 Nc6 3. g3 g6 4. Bg2 Bg7 5. d3 e6 6. Be3 Nd4 7. Nf3 Ne7 8. 0-0 d5 9. Bd2 0-0 10. Re1 dxe4 11. Rxe4 Bd7 12. Ne5 Be8 13. Ne2 Nec6 14. Nxd4 Nxe5 15. Nf3 Bc6 16. Rh4 Qd5 17. Re4 f5 18. c4 Nxf3+ 19. Bxf3 Qxd3 20. Re3 Qxc4 21. b3 Bxf3 22. Qxf3 Qd5 23. Rc1 Bd4 24. Qxd5 exd5 25. Re7 Rf7 26. Rce1 Bf6 27. Re8+ Rxe8 28. Rxe8+ Rf8 29. Re6 Kf7 30. Rd6 Rd8 31. Rxd8 Bxd8 32. h4 Ke6 33. Bf4 b5 34. Bb8 a6 35. f4 d4 36. Ba7 Kd5 37. Kf2 c4 38. Kf3 c3 39. Ke2 Ke4 0-1

[Event "Wloclawek-ch"]
[Site "Wloclawek"]
[Date "2014.??.??"]
[Round "3"]
[White "Jeziorny, Janusz"]
[Black "Kulinski, Krzysztof"]
[Result "0-1"]
[WhiteElo "1790"]
[BlackElo "2107"]
[PlyCount "224"]
[EventDate "2014.09.??"]
[EventType "swiss"]
[EventRounds "9"]
[EventCountry "POL"]
[SourceTitle "EXT 2021"]
[Source "ChessBase"]
[SourceDate "2020.10.23"]
[SourceVersion "1"]
[SourceVersionDate "2020.10.23"]
[SourceQuality "1"]

1. e4 c5 2. Nf3 Nc6 3. d4 cxd4 4. Nxd4 Nf6 5. Nc3 e5 6. Ndb5 d6 7. Bg5 a6 8. Na3 b5 9. Nd5 Be7 10. Bxf6 Bxf6 11. c3 Ne7 12. Nc2 Nxd5 13. Qxd5 Be6 14. Qc6+ Ke7 15. a4 bxa4 16. Qxa4 Qb6 17. Qb4 Qxb4 18. Nxb4 a5 19. Nc6+ Kd7 20. Nxa5 Rhb8 21. b4 d5 22. Rd1 d4 23. Bc4 Bxc4 24. Nxc4 Ke6 25. cxd4 exd4 26. 0-0 Rxb4 27. Nd2 d3 28. Nf3 Rd8 29. Rfe1 d2 30. Re3 Rb2 31. Kf1 Be7 32. Ke2 Bb4 33. Rd3 Rc8 34. Nxd2 Rcc2 35. f3 h5 36. g3 g5 37. Ke3 Bc5+ 38. Ke2 f6 39. Rd5 Ra2 40. Rd3 Bd6 41. Rb1 Bc7 42. Rf1 h4 43. gxh4 Bf4 44. Rd1 gxh4 45. h3 Rc5 46. Rg1 Ke5 47. Rg8 Bg5 48. f4+ Kxf4 49. Rf3+ Ke5 50. Rf5+ Kd6 51. Rd8+ Ke7 52. Rxc5 Kxd8 53. Rd5+ Ke7 54. Kd1 Ra3 55. Rf5 Rd3 56. Rf2 Ke6 57. Kc2 Rxh3 58. Nf3 Rg3 59. Kd3 h3 60. Ke2 Rg4 61. e5 fxe5 62. Rh2 Re4+ 63. Kd1 Bf4 64. Rxh3 Re3 65. Ng1 Re4 66. Nf3 Ra4 67. Nxe5 Kxe5 68. Rh8 Ke4 69. Re8+ Be5 70. Kc2 Ra2+ 71. Kb3 Rb2+ 72. Kc4 Rc2+ 73. Kb3 Rc3+ 74. Kb4 Rc7 75. Kb5 Kd5 76. Rg8 Rb7+ 77. Ka6 Rb2 78. Rg5 Kd6 79. Rg1 Kd7 80. Ka5 Bd6 81. Ka4 Kc6 82. Rg5 Rb4+ 83. Ka5 Rb3 84. Rg4 Rb8 85. Ka4 Bc5 86. Rg6+ Kd5 87. Rg5+ Kc4 88. Rg4+ Bd4 89. Rg5 Rb7 90. Rh5 Rb4+ 91. Ka5 Rb7 92. Ka4 Bf6 93. Rf5 Rb4+ 94. Ka5 Bd8+ 95. Ka6 Rb6+ 96. Ka7 Rd6 97. Kb7 Bf6 98. Kc7 Ra6 99. Kb7 Re6 100. Kc7 Be5+ 101. Kd7 Kd5 102. Rf1 Rh6 103. Rd1+ Bd4 104. Ke7 Rh7+ 105. Kf8 Ke5 106. Re1+ Kf6 107. Rf1+ Ke6 108. Re1+ Be5 109. Rg1 Ra7 110. Kg8 Ra8+ 111. Kh7 Rh8+ 112. Kg6 Rg8+ 0-1

[Event "Wloclawek-ch"]
[Site "Wloclawek"]
[Date "2014.??.??"]
[Round "4"]
[White "Kulinski, Krzysztof"]
[Black "Augustowski, Janusz"]
[Result "1/2-1/2"]
[WhiteElo "2107"]
[BlackElo "1732"]
[PlyCount "42"]
[EventDate "2014.09.??"]
[EventType "swiss"]
[EventRounds "9"]
[EventCountry "POL"]
[SourceTitle "EXT 2021"]
[Source "ChessBase"]
[SourceDate "2020.10.23"]
[SourceVersion "1"]
[SourceVersionDate "2020.10.23"]
[SourceQuality "1"]

1. c4 Nf6 2. Nc3 c5 3. g3 Nc6 4. Bg2 g6 5. Nf3 Bg7 6. 0-0 0-0 7. d3 d5 8. cxd5 Nxd5 9. Nxd5 Qxd5 10. Be3 Bxb2 11. Rb1 Bg7 12. Qa4 Qh5 13. Rfc1 Nd4 14. Nxd4 cxd4 15. Bf3 Bg4 16. Bxg4 Qxg4 17. Rxb7 Qxe2 18. Bxd4 Bxd4 19. Qxd4 Qxa2 20. Ra1 Qe6 21. Raxa7 Rxa7 1/2-1/2